1962 Cargèse lectures in theoretical physics : (Record no. 10087)
[ view plain ]
| 000 -LEADER | |
|---|---|
| fixed length control field | 01081nam a22002892 4500 |
| 001 - CONTROL NUMBER | |
| control field | 10087 |
| 003 - CONTROL NUMBER IDENTIFIER | |
| rucl marc code | BD-RjUL |
| 005 - DATE AND TIME OF LATEST TRANSACTION | |
| control field | 20211208234906.0 |
| 008 - FIXED-LENGTH DATA ELEMENTS--GENERAL INFORMATION | |
| fixed length control field | 140122s1963 nyu 000 0 eng d |
| 035 ## - SYSTEM CONTROL NUMBER | |
| System control number | (BD-RjUL)10134 |
| 040 ## - CATALOGING SOURCE | |
| Original cataloging agency | CAI |
| Transcribing agency | CAI |
| Modifying agency | BD-RjUL |
| Language of cataloging | eng |
| 041 ## - LANGUAGE CODE | |
| Language code of text/sound track or separate title | eng |
| 082 00 - DEWEY DECIMAL CLASSIFICATION NUMBER | |
| Classification number | 530.15257 |
| Author mark and year | FRC 1963 |
| 111 2# - MAIN ENTRY--MEETING NAME | |
| Meeting name or jurisdiction name as entry element | French Summer School for Theoretical Physics |
| Date of meeting | (1962 : |
| Location of meeting | Cargèse, France) |
| 9 (RLIN) | 31135 |
| 245 10 - TITLE STATEMENT | |
| Title | 1962 Cargèse lectures in theoretical physics : |
| Remainder of title | notes from the French Summer School for Theoretical Physics, Cargèse, Corsica, July 1962 / |
| Statement of responsibility, etc. | Maurice Lévy, editor. |
| 260 ## - PUBLICATION, DISTRIBUTION, ETC. (IMPRINT) | |
| Place of publication, distribution, etc. | New York : |
| Name of publisher, distributor, etc. | W.A. Benjamin, |
| Date of publication, distribution, etc. | c1963. |
| 300 ## - PHYSICAL DESCRIPTION | |
| Pagination | 1 v. (various pagings) : |
| Illustrations | ill. ; |
| Size | 24 cm. |
| 490 1# - SERIES STATEMENT | |
| Series statement | [Cargèse lectures in theoretical physics] |
| 650 #0 - SUBJECT ADDED ENTRY--TOPICAL TERM | |
| Topical term or geographic name as entry element | Mathematical physics. |
| 9 (RLIN) | 1138 |
| Topical term or geographic name as entry element | Quantum theory. |
| 9 (RLIN) | 31130 |
| Topical term or geographic name as entry element | Nuclear physics. |
| 9 (RLIN) | 31131 |
| 700 1# - ADDED ENTRY--PERSONAL NAME | |
| Personal name | Lévy, Maurice, |
| Dates associated with a name | 1922- |
| 830 #0 - SERIES ADDED ENTRY--UNIFORM TITLE | |
| Volume number/sequential designation | 1962 |
| 830 #0 - SERIES ADDED ENTRY--UNIFORM TITLE | |
| Uniform title | Cargèse lectures in theoretical physics (New York, N.Y. : 1962) ; |
| 942 ## - ADDED ENTRY ELEMENTS (KOHA) | |
| Source of classification or shelving scheme | Dewey Decimal Classification |
| Koha item type | Books |
| Lost status | Source of classification or shelving scheme | Damaged status | Not for loan | Collection code | Permanent Location | Current Location | Shelving location | Date acquired | Source of acquisition | Cost, normal purchase price | Total Checkouts | Full call number | Date last seen | Copy number | Koha item type |
|---|---|---|---|---|---|---|---|---|---|---|---|---|---|---|---|
| Dewey Decimal Classification | Not For Loan | Non-fiction | Central Library, University of Rajshahi | Central Library, University of Rajshahi | Reading Room | 03/04/1965 | Zeitlinger | 114.00 | 530.15257 FRC 1963 | 22/01/2014 | C-1 | Books | |||
| Dewey Decimal Classification | Non-fiction | Central Library, University of Rajshahi | Central Library, University of Rajshahi | 29/01/1991 | Canada | 530.15257 FRC 1963 | 27/11/2016 | C-2 | Books |